00430nam a22001217a 4500003000500000038001800005082000800023100002200031245011400053264003400167700005000201856005700251NUST aNusrat Nadeem a200 a Bajwa Omer Iqbal aMACHINE LEARNING BASED ESTIMATION OF DESIGN PARAMETERS IN FIXED-WING UAV CONCEPTUAL DESIGN/cOmer Iqbal Bajwa aIslamabad:bCEME NUST.c2025. aSupervisor: Asst. Prof. Dr. Hasan Aftab Saeed uhttp://10.250.8.41:8080/xmlui/handle/123456789/55411